| 000 | 00000nam##2200000za#4500 |
| 001 | 9.697290 |
| 003 | CaOODSP |
| 005 | 20220818080150 |
| 007 | cr ||||||||||| |
| 008 | 150407|2010||||xxc|||||o f|0| 0 eng|d |
| 040 | |aCaOODSP|beng |
| 043 | |an-cn--- |
| 086 | 1 |aIP54-47/2010E-PDF |
| 110 | 2 |aOffice of the Privacy Commissioner of Canada. |
| 245 | 10|aPrivacy, trust and innovation – building Canada's digital advantage : |h[electronic resource]|bsubmission from the Office of the Privacy Commissioner of Canada to the Digital Economy Consultation |
| 260 | |aOttawa - Ontario : |bOffice of the Privacy Commissioner of Canada |cJuly 9, 2010. |
| 300 | |a15p. |
| 590 | |a13-03-Supp|b2013-02-11 |
| 690 | 07|aPrivacy|2gcpds |
| 690 | 07|aInformation technology|2gcpds |
| 690 | 07|aPersonal information|2gcpds |
| 775 | 08|tVie privée, confiance et innovation – étayer l'avantage numérique du Canada : |w(CaOODSP)9.641350 |
| 856 | 40|ahttp://publications.gc.ca|qPDF|s447 KB|uhttps://publications.gc.ca/collections/collection_2013/priv/IP54-47-2010-eng.pdf |